00853 2200289 4500001002100000005001700021008004100038020001800079035002400097082001200121090001900133100001900152245017600171260002300347300002500370650001600395700001900411700001500430700002500445700001800470850001300488980001300501985000600514986001300520999001500533999001500548YOGYA-0209000000303520090227020606.0 ind  a979-8591-09-7 0010-020900000003035 a543.089 a543.089bHas C aHOSTETTMANN. K aCara kromatografi preparatifbpenggunaan pada isolasi senyawa alamcK. Hostettmann, M. Hostettmann, A. Marston ; penerjemah, Kosasih Padmawinata ; penyunting, Tetet Sutomo aBandungbITBc1995 a188 hlmbilusc21 cm aKromatologi aHOSTETTMANN, M aMARSTON, A aPADMAWINATA, Kosasih aSutomo, Tetet aYOPDYOGB a06-01-06 a2 afwhrtrev a97P0095257 a97P0095258